Quizzes
Events
Quiz Creation
Community
Videos
Private Events
Remove Ads
Sign In
Join for FREE
Feedback
Dark Mode
Quiz Categories
Sports
Geography
Music
Movies
Television
Just For Fun
Miscellaneous
History
Literature
Language
Science
Gaming
Entertainment
Religion
Holiday
For Kids
Quiz Lab
Recent
Popular Today
Quiz Kudos Today
Editor Picks
Curator Picks
Quizzes by...
Day
Popularity
Type
Ratings
Length
Year
Community
Subscriptions
Recent Discussions
Orange Saloon
Badges
Playlists
Quests
Create
Leaderboards
Showdown
Live 5
Trivia Bingo
Activity
Puzzle Library
Sporcle Events
Private Events
Virtual Trivia
Globe League
Become a Host
Pub Owners
SporcleCon
Opinionation
Our Games
Videos
Blog
Mobile Apps
Partnerships
Remove Ads and Go Orange
Feedback
Science
Computer
Plants
Astronomy
Chemistry
Elements
Math
Animal
Physics
Anatomy
Biology
Geology
General Science
Science
Computer
Plants
Astronomy
Chemistry
Elements
Math
Animal
Physics
Anatomy
Biology
Geology
General Science
Random Quiz
Search Sporcle
×
Quiz Lab
Quiz Lab
Science
timeline
Type in answers that appear in a list
Type in answers that appear in a list
Classic
Best Score? Go Orange.
A2 History: Women Timeline Stats
Can you name the A2 History: Women Timeline
By
breathwick
10m
44 Questions
32 Plays
32 Plays
32 Plays
Comments
Comments
Give Quiz Kudos
Give Quiz Kudos
-
- Ratings
hide this ad
Forced Order
Answers have to be entered in order
Answers have to be entered in order
Random Order
Randomize order of answers
Randomize order of answers
Replay
Link that replays current quiz
Next Quiz
Link to next quiz in quiz playlist
You Got
0%
They Got
Avg Score
46%
Avg Friend Score
Upgrade to see
Score Distribution
Jump to the score distribution portion of the page
Score
0/44
Timer
10:00
0
Plays Today
Hint
Answer
% Correct
Roe vs Wade
1973
81.3%
Equal Pay Act
1963
78.1%
Comstock Laws
1873
75%
21st Amendment
1933
75%
Fair Labour Standards Act
1938
75%
National Women Suffrage Association
1869
68.8%
18th Amendment
1917
68.8%
19th Amendment
1918
68.8%
National American Women Suffrage Association Merger
1890
65.6%
American Birth Control League
1921
65.6%
National Organization for Women
1966
65.6%
American Women Suffrage Association
1869
62.5%
Women Christian Temperance Union
1874
59.4%
National Association of Coloured Women
1896
59.4%
Aid to Dependent Children Act
1935
59.4%
National Committee to Stop the ERA
1972
59.4%
National Right to Life Committee
1973
59.4%
Shepherd Towner Act
1921
56.3%
Social Security Act
1935
56.3%
Hull House
1889
53.1%
Servicemen's Readjustment Act
1944
53.1%
Women's Organisation for National Prohibition Reform
1929
50%
Hint
Answer
% Correct
Comstock Laws Amended
1938
46.9%
Womens Crusade
1873
43.8%
Anti-
Saloon League
1893
43.8%
FDA approves contraceptive pills.
1960
43.8%
Hyde Amendment
1976
43.8%
Presidents Commission on the Status of Women
1963
40.6%
National Association for the Repeal of the Abortion Laws
1969
40.6%
National Abortion Rights Action League
1973
37.5%
Molly Pitcher Club
1922
34.4%
Griswold vs Conneticut
1965
34.4%
National Women's Party
1917
28.1%
Lanham Act
1942
28.1%
Equal Credit Oppurtunity Act
1974
28.1%
National Womens Political Caucus
1971
28.1%
Pregnancy Discrimination Act
1978
25%
Eisenstadt vs Baird
1972
21.9%
Congressional Caucus on Women's Issues
1980
21.9%
Bryn Mawr Summer School for Girls
1921
18.8%
Arlington March
1968
15.6%
Schultz vs Wheton Glass Co.
1970
15.6%
National Conference of Women
1977
3.1%
North Carolina Women's Strike
1929
0%
Quiz Playlist
Details
Report
Send in Message
Add To Playlist
Classic:
Type in answers that appear in a list
Forced Order:
Answers have to be entered in order
Random Order:
Randomize order of answers
Last Updated: Feb 16, 2017
Quiz Scoreboard
CHALLENGE
Sign Up to Join the Scoreboard
Show All
Scores
Hide
Comments
May contain spoilers
Recently Published
Click the 1999 NBA Draft
by nibperrychub
Sports
2m
Alphabetical 'K' Countries by Flag Minefield
by ylime102
Geography
3m
Pick 6: Fruits
by JohnFran
Miscellaneous
15s
More to Explore
Quiz From the Vault
Featured Blog Post
15 Basketball Trivia Facts You Can Be March Mad About
hide this ad
You Might Also Like...
Tags
A-Level
A 2
date
Revision
timeline
Women
Today's Top Quizzes in Science
Browse Science
hide this ad
Today's Top Quizzes in timeline
Browse timeline
Top Contributed Quizzes in Science
1
Pick 6: Animals
2
Group Clicking: Animals II
3
Square Numbers Scrambled (1-50)
4
Flowers by Accent Chairs
5
The First 100 Digits of Pi
6
Find the Spring Animals
7
Why is the sky blue? And other physics questions.
8
Trigonometric Exact Values
9
Needlepoint Flowers
10
Word Ladder: A Quick One (7)
Explore More
Trending Topics
Kpop
Disney
Harry Potter
Crossword
Anime
NBA
Marvel
Puzzle
Pokémon
NFL
Song
WWE
The Office
Soccer
Country
hide this ad
More By:
breathwick
Quiz
Plays
Rating
Category
Featured
Created
English: King Lear Quotes: Act 1
182
5.00
Literature
Feb 4, 2014
Skinners School
122
1.00
Entertainment
Mar 14, 2013
AS Economics - Micro: Chapter 2
108
History
Apr 8, 2013
A2 History: African American Acts and SC Cases
84
History
May 18, 2014
AS History A: 2 - Problem of Western Expansion
76
History
Apr 3, 2013
Go to Creator's Profile
Score Distribution
Quiz Creator Spotlight
breathwick
Follow
Send a Message
Quizzes Created
-
Created Quiz Play Count
-
More By This Creator
Popular Quizzes Today
1
Countries of Asia Without Outlines Minefield
2
Find the US States - No Outlines Minefield
3
Pick 6: Fruits
4
Alphabetical 'K' Countries by Flag Minefield
5
The Countries of the World
6
Find the US States
7
US States
8
Match the Book to the Film X
More Science Quizzes
Two Names, Same Animal
Quiz Lab
Trending Quizzes
Pick 6: Mountains
Pick 6: Harry Potter
Pick 6: NFL Teams
Pick 6: Movie Franchises
Pick 6: Golfers
Recently Updated
NWSL Teams
pecheneg
Women's Final Four Teams by Year
bhenderson79
Presidents Quartet II
eogle
Anything But Clue(do)
eogle
Anything But Oceanian Capitals
eogle
Anything But 7
eogle
Anything But Thing
eogle
Word Ladder: February 29
pecheneg
Song Title Questions
pecheneg
Women's NCAA Tournament #1 Seeds
pecheneg
Trending Topics
Harry Potter
Marvel
Crossword
Kpop
Anime
NBA
Disney
The Office
Puzzle
Song
Country
Soccer
Pokémon
WWE
NFL
Your Account Isn't Verified!
In order to create a playlist on Sporcle, you need to verify the email address you used during registration. Go to your
Sporcle Settings
to finish the process.
Report this User
Report this user for behavior that violates our
Community Guidelines
.
Details:
Send Report
Go to the Sporcle.com Mobile Site →
Comments